[Event "Aragon-chT Honor GrA"]
[Site "Aragon"]
[Date "2014.03.08"]
[Round "7.12"]
[White "Ramiro Ovejero, Juan Luis"]
[Black "Barcena Laguia, Francisco"]
[Result "1-0"]
[WhiteElo "2390"]
[BlackElo "1913"]
[PlyCount "71"]
[EventDate "2014.01.25"]
[EventType "team-tourn"]
[EventRounds "7"]
[EventCountry "ESP"]
[SourceTitle "EXT 2015"]
[Source "ChessBase"]
[SourceDate "2014.11.20"]
[SourceVersion "1"]
[SourceVersionDate "2014.11.20"]
[SourceQuality "1"]
[WhiteTeam "Jaime Casas"]
[BlackTeam "Teruel"]
[WhiteTeamCountry "ESP"]
[BlackTeamCountry "ESP"]

1. e4 c5 2. Nf3 Nc6 3. Bb5 g6 4. Bxc6 dxc6 5. d3 Bg7 6. h3 Nf6 7. Nc3 0-0 8. Be3 b6 9. Qd2 Re8 10. Bh6 e5 11. Bxg7 Kxg7 12. 0-0 Nh5 13. Ne2 Qc7 14. a3 Be6 15. b4 c4 16. d4 Rad8 17. Qc3 exd4 18. Nexd4 Kg8 19. Nxe6 Rxe6 20. e5 b5 21. Rfe1 Nf4 22. Qe3 Nd5 23. Qh6 f6 24. exf6 Rxe1+ 25. Rxe1 Nxf6 26. Qg5 Kg7 27. h4 Rd5 28. Qe3 Rd7 29. Ng5 Qd6 30. Ne6+ Kf7 31. Ng5+ Kg7 32. g3 h5 33. Ne6+ Kf7 34. Qh6 Qxe6 35. Rxe6 Kxe6 36. Qxg6 1-0

[Event "Aragon-chT Preferente B"]
[Site "Aragon"]
[Date "2013.03.16"]
[Round "8.56"]
[White "Garcia Valer, Jesus Victoriano"]
[Black "Barcena Laguia, Francisco"]
[Result "1-0"]
[WhiteElo "1883"]
[BlackElo "1905"]
[PlyCount "47"]
[EventDate "2013.01.26"]
[EventType "team"]
[EventRounds "9"]
[EventCountry "ESP"]
[SourceTitle "EXT 2014"]
[Source "ChessBase"]
[SourceDate "2013.11.20"]
[SourceVersion "1"]
[SourceVersionDate "2013.11.20"]
[SourceQuality "1"]
[WhiteTeam "Delicias CCOO II"]
[BlackTeam "Teruel"]
[WhiteTeamCountry "ESP"]
[BlackTeamCountry "ESP"]

1. e4 c5 2. b4 cxb4 3. a3 e5 4. Nf3 Nc6 5. Bc4 Nf6 6. d3 d5 7. exd5 Nxd5 8. 0-0 Bg4 9. axb4 Bxb4 10. c3 Be7 11. Qb3 Bxf3 12. gxf3 Bg5 13. Qxb7 0-0 14. f4 Bxf4 15. Bxf4 Nxf4 16. Qxc6 Qg5+ 17. Kh1 Rac8 18. Qf3 Rfe8 19. Nd2 Red8 20. Ne4 Qf5 21. Rxa7 Rxc4 22. dxc4 h6 23. Ng3 Qh3 24. Ra8 1-0

[Event "Aragon-chT Preferente B"]
[Site "Aragon"]
[Date "2013.01.26"]
[Round "1.55"]
[White "Barcena Laguia, Francisco"]
[Black "Jario Garcia, Ricardo Javier"]
[Result "1-0"]
[WhiteElo "1905"]
[BlackElo "2145"]
[PlyCount "29"]
[EventDate "2013.01.26"]
[EventType "team"]
[EventRounds "9"]
[EventCountry "ESP"]
[SourceTitle "EXT 2014"]
[Source "ChessBase"]
[SourceDate "2013.11.20"]
[SourceVersion "1"]
[SourceVersionDate "2013.11.20"]
[SourceQuality "1"]
[WhiteTeam "Teruel"]
[BlackTeam "Marcos Frechin"]
[WhiteTeamCountry "ESP"]
[BlackTeamCountry "ESP"]

1. d4 e6 2. Nf3 Nf6 3. Bf4 d5 4. e3 Be7 5. Nbd2 0-0 6. Bd3 Nbd7 7. Ne5 c5 8. c3 Qb6 9. Rb1 Re8 10. Qf3 Nf8 11. g4 N6d7 12. Nxf7 cxd4 13. exd4 e5 14. Qxd5 Nf6 15. Nh6+ 1-0

[Event "Aragon-chT Preferente A"]
[Site "Aragon"]
[Date "2012.03.03"]
[Round "5.36"]
[White "Montes Santos, Lorenzo"]
[Black "Barcena Laguia, Francisco"]
[Result "1-0"]
[WhiteElo "2035"]
[BlackElo "1922"]
[PlyCount "65"]
[EventDate "2012.02.04"]
[EventType "team"]
[EventRounds "9"]
[EventCountry "ESP"]
[SourceTitle "EXT 2014"]
[Source "ChessBase"]
[SourceDate "2013.11.20"]
[SourceVersion "1"]
[SourceVersionDate "2013.11.20"]
[SourceQuality "1"]
[WhiteTeam "Helios"]
[BlackTeam "Teruel"]
[WhiteTeamCountry "ESP"]
[BlackTeamCountry "ESP"]

1. Nf3 c5 2. c4 Nf6 3. d4 cxd4 4. Nxd4 g6 5. Nc3 Bg7 6. g3 0-0 7. Bg2 Nc6 8. 0-0 Nxd4 9. Qxd4 d6 10. Qd2 Qc7 11. b3 a6 12. Bb2 Bd7 13. e4 Bc6 14. Nd5 Bxd5 15. exd5 Nd7 16. Bxg7 Kxg7 17. h4 h5 18. Rfe1 Ne5 19. Rac1 Rae8 20. Qd4 Kg8 21. c5 Qa5 22. Re2 Qb5 23. Rec2 Nd3 24. Bf1 Ne5 25. Kg2 Qd7 26. c6 bxc6 27. dxc6 Qf5 28. Rc3 Rc8 29. f4 Ng4 30. Bxa6 Ra8 31. c7 Rxa6 32. c8Q Rxa2+ 33. Kg1 1-0

[Event "Aragon-chT Preferente A"]
[Site "Aragon"]
[Date "2012.02.11"]
[Round "2.48"]
[White "Barcena Laguia, Francisco"]
[Black "Fleta Marin, Sergio"]
[Result "1-0"]
[WhiteElo "1922"]
[BlackElo "1669"]
[PlyCount "71"]
[EventDate "2012.02.04"]
[EventType "team"]
[EventRounds "9"]
[EventCountry "ESP"]
[SourceTitle "EXT 2014"]
[Source "ChessBase"]
[SourceDate "2013.11.20"]
[SourceVersion "1"]
[SourceVersionDate "2013.11.20"]
[SourceQuality "1"]
[WhiteTeam "Teruel"]
[BlackTeam "Delicias CCOO II"]
[WhiteTeamCountry "ESP"]
[BlackTeamCountry "ESP"]

1. d4 d5 2. Nf3 Nf6 3. Bf4 c6 4. e3 Bg4 5. Nbd2 Nbd7 6. Bd3 e6 7. h3 Bh5 8. Qe2 c5 9. c3 Qb6 10. Rb1 Bd6 11. Bxd6 Qxd6 12. 0-0 g5 13. g4 c4 14. Bc2 Bg6 15. Bxg6 hxg6 16. Nxg5 Rh4 17. f4 Ke7 18. e4 dxe4 19. Ndxe4 Qd5 20. Rbe1 Rah8 21. Nxf6 Nxf6 22. Qf3 Qxf3 23. Rxf3 Nxg4 24. hxg4 Rh1+ 25. Kf2 R1h2+ 26. Kg3 Rxb2 27. f5 gxf5 28. Rxf5 Rf8 29. d5 Rc2 30. Rf3 Kd6 31. dxe6 Rxa2 32. Rxf7 Re8 33. Rxb7 Ra5 34. Rg7 Ra3 35. Kf4 Rxc3 36. Ne4+ 1-0

[Event "Aragon-chT Preferente-A"]
[Site "Spain"]
[Date "2011.03.05"]
[Round "5.4"]
[White "Mombiela de Sus, Jose Luis"]
[Black "Barcena Laguia, Francisco"]
[Result "0-1"]
[WhiteElo "2018"]
[BlackElo "1915"]
[PlyCount "84"]
[EventDate "2011.02.05"]
[EventType "team-tourn"]
[EventRounds "9"]
[EventCountry "ESP"]
[SourceTitle "EXT 2013"]
[Source "ChessBase"]
[SourceDate "2012.11.22"]
[SourceVersion "1"]
[SourceVersionDate "2012.11.22"]
[SourceQuality "1"]
[WhiteTeam "Las Fuentes"]
[BlackTeam "Teruel"]
[WhiteTeamCountry "ESP"]
[BlackTeamCountry "ESP"]

1. f4 d5 2. Nf3 c5 3. e3 Nf6 4. Be2 g6 5. 0-0 Bg7 6. d3 0-0 7. Qe1 Nc6 8. Nc3 d4 9. Nd1 Nb4 10. Qd2 dxe3 11. Nxe3 Nfd5 12. Nc4 Nc6 13. a4 Qc7 14. Bd1 Bg4 15. h3 Bxf3 16. Bxf3 Rad8 17. c3 Nb6 18. Ne3 e5 19. f5 c4 20. a5 Nd7 21. dxc4 Nxa5 22. Bd5 Nb3 23. Qd1 Nxa1 24. Qa4 Qb6 25. Qxa1 Bh6 26. Rf3 gxf5 27. Kh1 f4 28. Nf5 Bg7 29. g3 Nf6 30. gxf4 Nxd5 31. cxd5 Qf6 32. fxe5 Qxe5 33. Be3 Qe4 34. Qd1 Kh8 35. Nxg7 Kxg7 36. Bd4+ f6 37. c4 Rde8 38. Qg1+ Kh8 39. Qg4 Qb1+ 40. Kg2 Re2+ 41. Kg3 Qe1+ 42. Kf4 Re4+ 0-1

[Event "ESP Autonomico-chT"]
[Site "Spain"]
[Date "2006.03.25"]
[Round "8.54"]
[White "Glaria, Salvador"]
[Black "Barcena Laguia, Francisco"]
[Result "1-0"]
[WhiteElo "1869"]
[BlackElo "1987"]
[PlyCount "149"]
[EventDate "2006.02.04"]
[EventType "team"]
[EventRounds "9"]
[EventCountry "ESP"]
[SourceTitle "EXT 2007"]
[Source "ChessBase"]
[SourceDate "2006.11.23"]
[SourceVersion "1"]
[SourceVersionDate "2006.11.23"]
[SourceQuality "1"]

1. b4 e6 2. Bb2 Nf6 3. a3 d5 4. e3 c5 5. b5 Bd6 6. Nf3 Nbd7 7. c4 e5 8. d3 d4 9. e4 Nf8 10. g3 Bg4 11. Bg2 Ne6 12. Qc2 Bc7 13. Nbd2 Bxf3 14. Nxf3 Ba5+ 15. Kf1 Qc7 16. Bh3 Rd8 17. Kg2 h6 18. Bxe6 fxe6 19. h4 Ng4 20. h5 Rf8 21. Raf1 Qf7 22. Qe2 Bc7 23. a4 a6 24. Ba3 Bd6 25. Nd2 Nf6 26. Nb3 axb5 27. axb5 b6 28. f3 Ra8 29. Ra1 Nxh5 30. Rhg1 Qg6 31. Kf2 Be7 32. Bc1 Rxa1 33. Nxa1 Nf6 34. Nb3 Nh7 35. Qa2 Ng5 36. Bxg5 Qxg5 37. Qe2 Qh5 38. Kg2 Bg5 39. Ra1 Kf7 40. Ra7+ Kg8 41. Rb7 Bd8 42. Nd2 Qg5 43. Nf1 h5 44. Qd2 Qg6 45. Qe2 h4 46. g4 Qf6 47. Nh2 Qf4 48. Qf2 h3+ 49. Kxh3 Rf6 50. Kg2 Rh6 51. Nf1 Bh4 52. Qd2 Qf6 53. Rxb6 Bg5 54. Qd1 Bf4 55. Qe1 Be3 56. Nxe3 dxe3 57. Qxe3 Qh4 58. Qg1 Qd8 59. Rc6 Qxd3 60. Rxc5 Qd2+ 61. Kg3 Qf4+ 62. Kg2 Qd2+ 63. Kg3 Rf6 64. b6 Qf4+ 65. Kf2 Qxf3+ 66. Ke1 Qxe4+ 67. Kd2 Qf4+ 68. Kc3 Qf3+ 69. Kb4 Qb7 70. Rc7 Qb8 71. Qc5 Kh7 72. Qd6 Kh6 73. Kb5 e4 74. g5+ Kxg5 75. Rxg7+ 1-0

[Event "Autonomico-chT"]
[Site "Aragon"]
[Date "2005.03.05"]
[Round "6.50"]
[White "Garcia Estruch, Jorge"]
[Black "Barcena Laguia, Francisco"]
[Result "0-1"]
[WhiteElo "2000"]
[BlackElo "1967"]
[PlyCount "98"]
[EventDate "2005.01.22"]
[EventType "team"]
[EventRounds "12"]
[EventCountry "ESP"]
[SourceTitle "EXT 2006"]
[Source "ChessBase"]
[SourceDate "2005.11.24"]
[SourceVersion "1"]
[SourceVersionDate "2005.11.24"]
[SourceQuality "1"]

1. e4 c5 2. Nf3 Nc6 3. d4 cxd4 4. Nxd4 g6 5. Nc3 Bg7 6. Be3 Nf6 7. Nxc6 bxc6 8. e5 Ng8 9. f4 Nh6 10. Bd3 0-0 11. 0-0 d5 12. exd6 exd6 13. Qf3 Ng4 14. h3 Nxe3 15. Qxe3 Qb6 16. Qxb6 axb6 17. Rfe1 Be6 18. a4 Ra7 19. g4 Rfa8 20. f5 Bxc3 21. bxc3 gxf5 22. gxf5 Bd5 23. c4 Bf3 24. Re3 Bh5 25. Rg3+ Kh8 26. Kf2 f6 27. Re1 Bf7 28. Be4 Rc8 29. Bd3 Re8 30. Rxe8+ Bxe8 31. Re3 Bf7 32. Re4 Rxa4 33. c3 Ra5 34. Re7 Kg8 35. Rb7 Rc5 36. Rxb6 Bxc4 37. Rb8+ Kg7 38. Rb7+ Kh6 39. Bxc4 Rxc4 40. Kg3 Rxc3+ 41. Kh4 Rc4+ 42. Kg3 Kg5 43. Rxh7 Kxf5 44. Rg7 Rc1 45. Kg2 d5 46. h4 d4 47. h5 d3 48. h6 d2 49. Rd7 d1Q 0-1

[Event "Aragon-chT"]
[Site "Spain"]
[Date "2004.02.07"]
[Round "2"]
[White "Hernando Garcia, Antonio"]
[Black "Barcena Laguia, Francisco"]
[Result "1-0"]
[WhiteElo "2183"]
[BlackElo "1953"]
[PlyCount "67"]
[EventDate "2004.01.??"]
[EventType "team"]
[EventRounds "11"]
[EventCountry "ESP"]
[SourceTitle "EXT 2006"]
[Source "ChessBase"]
[SourceDate "2005.11.24"]
[SourceVersion "1"]
[SourceVersionDate "2005.11.24"]
[SourceQuality "1"]

1. c4 Nf6 2. Nf3 c5 3. Nc3 d6 4. g3 g6 5. Bg2 Bg7 6. 0-0 0-0 7. a3 Nc6 8. Rb1 a5 9. Ne1 Bd7 10. d3 Qc8 11. Bd2 Bh3 12. Nc2 Bxg2 13. Kxg2 Rd8 14. b4 axb4 15. axb4 cxb4 16. Nxb4 h5 17. Ncd5 Nxd5 18. Nxd5 Rb8 19. Bg5 f6 20. Be3 e6 21. Nf4 Ne7 22. Rb6 Nf5 23. Bc1 Qc7 24. Qb3 Kf7 25. Bb2 Ne7 26. Rb1 Nc8 27. Rb5 Qc6+ 28. e4 Bh6 29. Ne2 e5 30. Bc1 Bf8 31. Rxb7+ Rxb7 32. Qxb7+ Qd7 33. Qd5+ Ke8 34. Rb7 1-0